|
|
|
|
| LEADER |
00000caa a2200000 c 4500 |
| 001 |
1422292371 |
| 003 |
DE-627 |
| 005 |
20220530120529.0 |
| 007 |
tu |
| 008 |
111026s1995 xx ||||| 00| ||ger c |
| 020 |
|
|
|a 3472024305
|
| 035 |
|
|
|a (DE-627)1422292371
|
| 035 |
|
|
|a (DE-576)352292377
|
| 035 |
|
|
|a (DE-599)BSZ352292377
|
| 040 |
|
|
|a DE-627
|b ger
|c DE-627
|e rakwb
|
| 041 |
|
|
|a ger
|
| 100 |
1 |
|
|a Volbert, Renate
|d 1957-
|0 (DE-588)131984594
|0 (DE-627)515564567
|0 (DE-576)166833312
|4 aut
|
| 109 |
|
|
|a Volbert, Renate 1957-
|a Volbert, R. 1957-
|
| 245 |
1 |
0 |
|a Belastungen von Kindern in Strafverfahren wegen sexuellen Mißbrauchs
|c Renate Volbert; Detlef Busse
|
| 264 |
|
1 |
|c 1995
|
| 336 |
|
|
|a Text
|b txt
|2 rdacontent
|
| 337 |
|
|
|a ohne Hilfsmittel zu benutzen
|b n
|2 rdamedia
|
| 338 |
|
|
|a Band
|b nc
|2 rdacarrier
|
| 700 |
1 |
|
|a Busse, Detlef
|0 (DE-588)1050902564
|0 (DE-627)785265708
|0 (DE-576)176336435
|4 aut
|
| 773 |
0 |
8 |
|i In
|t Vom Umgang der Justiz mit Minderjährigen
|d Neuwied : Luchterhand, 1995
|g (1995), Seite 73 - 93
|h XXIII, 370 S.
|w (DE-627)189322470
|w (DE-576)048716596
|z 3472024305
|7 nnam
|
| 773 |
1 |
8 |
|g year:1995
|g pages:73 - 93
|
| 935 |
|
|
|a mkri
|
| 951 |
|
|
|a AR
|
| ELC |
|
|
|b 1
|
| LOK |
|
|
|0 000 xxxxxcx a22 zn 4500
|
| LOK |
|
|
|0 001 2899287354
|
| LOK |
|
|
|0 003 DE-627
|
| LOK |
|
|
|0 004 1422292371
|
| LOK |
|
|
|0 005 20260212085122
|
| LOK |
|
|
|0 008 160208||||||||||||||||ger|||||||
|
| LOK |
|
|
|0 040
|a DE-21-110
|c DE-627
|d DE-21-110
|
| LOK |
|
|
|0 689
|a s
|a Kinder
|
| LOK |
|
|
|0 689
|a s
|a Opferzeugen
|
| LOK |
|
|
|0 689
|a s
|a Sexueller Missbrauch
|
| LOK |
|
|
|0 689
|a s
|a Belastungsfaktoren
|
| LOK |
|
|
|0 852
|a DE-21-110
|
| LOK |
|
|
|0 852 1
|m p
|9 00
|
| LOK |
|
|
|0 935
|a k110
|
| LOK |
|
|
|0 938
|k p
|
| LOK |
|
|
|0 939
|a 08-02-16
|b l01
|
| ORI |
|
|
|a WA-MARC-krimdoka001.raw
|